000
00203 a2200097 4500
001
2618
100
_a
Gorlitz, W
245
_a
The kaiser and his court
260
_a
_b
Macdonald
_c
090
_c
1915
_d
1915
942
_a
NUST-CAE
_c
M
_c
10169
999
_c
237691
_d
237691